[Event "Elit(Wasa-Astorp)"]
[Site "?"]
[Date "2007.10.19"]
[Round "1"]
[White "Fagerstrom, Bjorn"]
[Black "Collett, Peter"]
[Result "0-1"]
[WhiteElo "2259"]
[BlackElo "2262"]
[PlyCount "76"]

1. e4 e5 2. Nf3 Nc6 3. Bb5 a6 4. Ba4 Nf6 5. O-O Be7 6. Re1 b5 7. Bb3 d6 8. c3
O-O 9. h3 Na5 10. Bc2 c5 11. d4 Qc7 12. Nbd2 Rd8 13. d5 c4 14. Nf1 Nb7 15. a4
bxa4 16. Bxa4 Nc5 17. Bc2 Bd7 18. Ng3 a5 19. Qe2 Nb3 20. Bxb3 cxb3 21. Nh2 a4
22. Ra3 Rdb8 23. f4 Bb5 24. Qf2 Nd7 25. Nf5 Bf8 26. Qg3 Kh8 27. Nf3 f6 28. Kh2
Nb6 29. Ne3 g6 30. Qh4 Bg7 31. f5 g5 32. Qg4 Qf7 33. Bd2 h5 34. Qg3 Bh6 35. Rc1
Bd3 36. c4 Bxe4 37. Bb4 g4 38. Bxd6 Bf4 0-1

[Event "Elit(Wasa-Astorp)"]
[Site "?"]
[Date "2007.10.19"]
[Round "1"]
[White "Heinola, Vesa-Pekka"]
[Black "Ivarsson, Stefan"]
[Result "0-1"]
[WhiteElo "2287"]
[BlackElo "2297"]
[PlyCount "76"]
[EventDate "2007.??.??"]

1. d4 f5 2. g3 Nf6 3. Bg2 g6 4. c4 Bg7 5. Nc3 O-O 6. Nh3 d6 7. d5 Nbd7 8. O-O
Nc5 9. Be3 Ng4 10. Bd2 a5 11. Rb1 e5 12. dxe6 Bxe6 13. b3 c6 14. Nf4 Bf7 15. e4
Nh6 16. Qc2 Re8 17. Rfe1 Qc7 18. Rbd1 Re7 19. Be3 Rae8 20. Qd2 fxe4 21. Nxg6
Bxg6 22. Bxh6 Nd3 23. Rf1 Nxf2 24. Nd5 cxd5 25. Qxd5+ Rf7 26. Bxg7 Nxd1 27. Bd4
Qc6 28. Rxd1 Qxd5 29. cxd5 Rc7 30. Bh3 e3 31. Be6+ Bf7 32. Bxe3 Bxe6 33. dxe6
Rxe6 34. Kf2 Rc2+ 35. Kf3 Rxa2 36. Rc1 Ra3 37. Rc8+ Kf7 38. Rc7+ Re7 0-1

[Event "Elit(Wasa-Astorp)"]
[Site "?"]
[Date "2007.10.19"]
[Round "1"]
[White "Nilsson, Anders"]
[Black "Nordstrom, Felix"]
[Result "0-1"]
[WhiteElo "2264"]
[BlackElo "2124"]
[PlyCount "50"]

1. d4 Nf6 2. c4 e6 3. Nc3 d5 4. cxd5 exd5 5. Bg5 Be7 6. e3 c6 7. Qc2 Nbd7 8.
Nf3 O-O 9. Bd3 h6 10. h4 Re8 11. O-O-O hxg5 12. hxg5 Ne4 13. Bxe4 dxe4 14. Qxe4
Bxg5 15. Qh7+ Kf8 16. Qf5 Bh6 17. Ne4 g6 18. Qh3 Bg7 19. Nfg5 Nf6 20. Qf3 Bg4
21. Qf4 Rxe4 22. Nxe4 Bxd1 23. Ng5 Be2 24. Re1 Ba6 25. Rh1 Qd5 0-1

[Event "Elit(Wasa-Astorp)"]
[Site "?"]
[Date "2007.10.19"]
[Round "1"]
[White "Nystrom, Ragnar"]
[Black "Tallinger, Thomas"]
[Result "0-1"]
[WhiteElo "1955"]
[BlackElo "2250"]
[PlyCount "52"]

1. d4 e6 2. e4 d5 3. Nc3 Bb4 4. e5 c5 5. a3 Bxc3+ 6. bxc3 Qc7 7. Qg4 Ne7 8.
Qxg7 Rg8 9. Qxh7 cxd4 10. Ne2 Nbc6 11. f4 Bd7 12. Qd3 dxc3 13. Nxc3 a6 14. Rb1
Na5 15. g3 Nc4 16. Bg2 O-O-O 17. O-O Qc5+ 18. Kh1 Nf5 19. Ne2 Bc6 20. Re1 Rg6
21. c3 Rh8 22. Qf3 Nh4 23. Qf1 Nxg2 24. Kxg2 d4+ 25. Kg1 d3+ 26. Nd4 d2 0-1

[Event "Elit(Solna-LASK)"]
[Site "?"]
[Date "2007.10.19"]
[Round "1"]
[White "Lund, Esben"]
[Black "Lindberg, Bengt"]
[Result "1-0"]
[WhiteElo "2445"]
[BlackElo "2495"]
[PlyCount "131"]
[SourceDate "2007.11.01"]

1. d4 Nf6 2. c4 e6 3. Nc3 Bb4 4. e3 O-O 5. Bd3 d5 6. Nf3 c5 7. O-O dxc4 8. Bxc4
cxd4 9. exd4 b6 10. Bg5 Bb7 11. Ne5 Nc6 12. Bxf6 Qxf6 13. Nd7 Qh4 14. Nxf8 Rxf8
15. a3 Bd6 16. g3 Qh3 17. Re1 Nxd4 18. Bf1 Nf3+ 19. Qxf3 Qxf1+ 20. Kxf1 Bxf3
21. Nb5 Bb8 22. Rac1 Bb7 23. Red1 Be5 24. Rd7 Bd5 25. Rxa7 Bxb2 26. Rc2 Be5 27.
f4 Be4 28. Rd2 Bf6 29. Nd6 Bd5 30. Rc2 g6 31. Rc8 Rxc8 32. Nxc8 Kf8 33. a4 Bd4
34. Rc7 Bb3 35. Nd6 e5 36. Ke2 exf4 37. gxf4 Bxa4 38. Rxf7+ Kg8 39. Ra7 Bc6 40.
Rc7 Bd5 41. Kd3 Bb2 42. Nc8 Be6 43. Nxb6 h6 44. Nc4 Bf6 45. Nd6 Ba2 46. Rb7 Bd5
47. Rb5 Be6 48. Rb8+ Kh7 49. Rb7+ Kg8 50. Ke4 h5 51. Ke3 Kf8 52. Ne4 Be7 53.
Kd4 Ba2 54. Ke5 Ke8 55. Rb2 Bc4 56. Nd6+ Bxd6+ 57. Kxd6 Kf7 58. Ke5 Kg7 59.
Rb7+ Kh6 60. h4 Bd3 61. Kf6 Be4 62. Rb8 Kh7 63. Re8 Bd3 64. Kg5 Kg7 65. Re7+
Kf8 66. Kf6 1-0

[Event "Elit(Solna-LASK)"]
[Site "?"]
[Date "2007.10.19"]
[Round "1"]
[White "Bergstrom, Christer"]
[Black "Olsson, Linus"]
[Result "0-1"]
[WhiteElo "2351"]
[BlackElo "2471"]
[PlyCount "48"]

1. Nf3 d5 2. d4 Nc6 3. c4 Bg4 4. cxd5 Bxf3 5. dxc6 Bxc6 6. Nc3 e6 7. e4 Bb4 8.
f3 f5 9. exf5 exf5 10. Bc4 Qh4+ 11. g3 Qe7+ 12. Kf2 O-O-O 13. Re1 Qf8 14. Be3
f4 15. Bxf4 Rxd4 16. Qe2 Nf6 17. Qe5 Kb8 18. Qxc7+ Ka8 19. Be6 Rd3 20. Rad1
Rxf3+ 21. Ke2 Bxc3 22. bxc3 Rxc3 23. Qe5 Qa3 24. Bb3 Qa6+ 0-1

[Event "Elit(Solna-LASK)"]
[Site "?"]
[Date "2007.10.19"]
[Round "1"]
[White "Tikkanen, Hans"]
[Black "Jonsson, Mikael"]
[Result "0-1"]
[WhiteElo "2477"]
[BlackElo "2308"]
[PlyCount "102"]

1. d4 d5 2. c4 c6 3. Nf3 Nf6 4. Nc3 dxc4 5. a4 Bf5 6. Ne5 Nbd7 7. Nxc4 Qc7 8.
g3 e5 9. dxe5 Nxe5 10. Bf4 Nfd7 11. Bg2 g5 12. Bxe5 Nxe5 13. Qd4 f6 14. O-O-O
Be7 15. Ne3 Bg6 16. f4 Rd8 17. Bd5 gxf4 18. gxf4 cxd5 19. Nexd5 Rxd5 20. Qxd5
Nc4 21. Rd4 Nb6 22. Qb5+ Qc6 23. Rhd1 Qxb5 24. Nxb5 O-O 25. a5 Rc8+ 26. Nc3 Nc4
27. e4 Nxa5 28. Kb1 Be8 29. Nd5 Kf8 30. R4d3 Rc4 31. Re1 Nc6 32. Rh3 h5 33. f5
Nb4 34. b3 Rd4 35. Nf4 Bf7 36. Ne6+ Bxe6 37. fxe6 Bd6 38. Rxh5 Rd2 39. Rg1 Ke7
40. Rh8 Kxe6 41. Rd8 a5 42. h4 Rh2 43. Re8+ Kf7 44. Reg8 Be5 45. R1g7+ Ke6 46.
Re8+ Kd6 47. Rd8+ Kc6 48. Rc8+ Kb6 49. Rh7 Na2 50. Rc2 Rh1+ 51. Kxa2 Ra1# 0-1

[Event "Elit(Solna-LASK)"]
[Site "?"]
[Date "2007.10.19"]
[Round "1"]
[White "Karlsson, Tomas"]
[Black "Mikkelsen, Nikolaj"]
[Result "0-1"]
[WhiteElo "2287"]
[BlackElo "2365"]
[PlyCount "82"]

1. e4 c5 2. Nc3 d6 3. f4 Nc6 4. Nf3 g6 5. g3 Bg7 6. Bg2 e6 7. O-O Nge7 8. d3
O-O 9. Be3 b6 10. d4 Ba6 11. Re1 Qc7 12. Ne2 Bxe2 13. Rxe2 cxd4 14. Nxd4 Nxd4
15. Bxd4 e5 16. fxe5 dxe5 17. Be3 Nc6 18. c3 Rfd8 19. Qe1 Na5 20. Rd1 Rxd1 21.
Qxd1 Bf8 22. Kh1 Rd8 23. Rd2 Rxd2 24. Bxd2 Qc4 25. b3 Qd3 26. Bf3 Nb7 27. Qe2
Qb1+ 28. Be1 Nc5 29. Kg2 Nd3 30. Bf2 Nc1 31. Qd2 Nxa2 32. b4 Nc1 33. Qd5 Qc2
34. Bd1 Qxc3 35. b5 Bc5 36. Bxc5 Qxc5 37. Qa8+ Kg7 38. Qxa7 Qd4 39. Bg4 Nd3 40.
Be6 Qf2+ 41. Kh3 Qf1+ 0-1

[Event "Elit(Solna-LASK)"]
[Site "?"]
[Date "2007.10.19"]
[Round "1"]
[White "Semcesen, Daniel"]
[Black "Johansson, Gunnar"]
[Result "0-1"]
[WhiteElo "2403"]
[BlackElo "2270"]
[PlyCount "108"]

1. d4 d5 2. c4 c6 3. Nf3 Nf6 4. Qc2 g6 5. Bf4 Bg7 6. e3 O-O 7. cxd5 cxd5 8. Nc3
Nc6 9. Bb5 Bf5 10. Qa4 Na5 11. Ne5 a6 12. Be2 Qb6 13. b4 Rfc8 14. Qa3 Nc6 15.
Nxc6 Qxc6 16. Na4 Bc2 17. Nb2 Ne4 18. Rc1 Qb6 19. O-O Rc3 20. Na4 Bxa4 21. Rxc3
Nxc3 22. Qxc3 Qd8 23. Rc1 Bc6 24. h3 Rc8 25. Qb3 e6 26. a4 b5 27. a5 Bf8 28.
Bf3 Bb7 29. Rc5 Bxc5 30. dxc5 f6 31. Bd6 Qd7 32. Qd3 Kf7 33. Qd4 Kg7 34. Qg4
Rd8 35. h4 e5 36. Qxd7+ Rxd7 37. Bg4 Rd8 38. Be6 d4 39. Kf1 dxe3 40. fxe3 Bc6
41. Kf2 Re8 42. Bb3 f5 43. g3 Kf6 44. Ba2 h6 45. Bb3 g5 46. Ba2 Rd8 47. Ke2 Rd7
48. Bf8 gxh4 49. gxh4 h5 50. Bb3 Bd5 51. Bc2 Ke6 52. Kf2 Rh7 53. Bd1 Rh8 54.
Bd6 Rg8 0-1

[Event "Elit(Solna-LASK)"]
[Site "?"]
[Date "2007.10.19"]
[Round "1"]
[White "Steneskog, Per"]
[Black "Dragicevic, Drazen"]
[Result "0-1"]
[WhiteElo "2245"]
[BlackElo "2322"]
[PlyCount "78"]

1. d4 Nf6 2. c4 g6 3. Nc3 d5 4. cxd5 Nxd5 5. e4 Nxc3 6. bxc3 Bg7 7. Bc4 c5 8.
Ne2 Nc6 9. Be3 O-O 10. O-O Qc7 11. Rc1 Rd8 12. Qe1 Qa5 13. Rd1 b5 14. Bd5 Bb7
15. Bxc6 Bxc6 16. d5 Bb7 17. Bxc5 e6 18. Be7 Rd7 19. d6 Bxe4 20. Nf4 Bc6 21.
Nd3 Bxc3 22. Qe3 b4 23. Rc1 Qd5 24. Nf4 Qxa2 25. Rxc3 bxc3 26. Qxc3 Qa4 27. Rc1
Bb7 28. Qe3 Qe4 29. Qxe4 Bxe4 30. f3 Bd5 31. Nd3 Re8 32. Rc7 Rxc7 33. dxc7 Rc8
34. Bd8 Kf8 35. Kf2 Ke8 36. Nc5 Rxd8 37. cxd8=Q+ Kxd8 38. Ke3 Kc7 39. Kd4 Kd6
0-1

[Event "Elit(Solna-LASK)"]
[Site "?"]
[Date "2007.10.19"]
[Round "1"]
[White "Nilsson, Sebastian"]
[Black "Landgren, Andreas"]
[Result "1-0"]
[WhiteElo "2271"]
[BlackElo "2213"]
[PlyCount "77"]

1. e4 c5 2. Nf3 d6 3. d4 cxd4 4. Nxd4 Nf6 5. Nc3 a6 6. Bc4 b5 7. Bb3 e6 8. O-O
Be7 9. Qf3 Qb6 10. Bg5 b4 11. e5 Bb7 12. Na4 Qc7 13. exd6 Bxd6 14. Qh3 Nc6 15.
Rad1 Rd8 16. c3 bxc3 17. bxc3 Be7 18. Rfe1 O-O 19. Nb2 Nd5 20. Nxe6 fxe6 21.
Qxe6+ Kh8 22. Rxd5 Bxg5 23. Rxg5 Qf4 24. Qe3 Rde8 25. Qxe8 Qxf2+ 26. Kh1 Ne7
27. Nd3 Qxe1+ 28. Nxe1 Rxe8 29. Re5 Rf8 30. Kg1 Ng6 31. Re2 h5 32. Nd3 h4 33.
h3 a5 34. Rf2 Rd8 35. Rf5 Nf8 36. Rh5+ Nh7 37. Ne5 g6 38. Nf7+ Kg7 39. Rxh7+
1-0

[Event "Elit(Solna-LASK)"]
[Site "?"]
[Date "2007.10.19"]
[Round "1"]
[White "Dalmau, Jorgen"]
[Black "Johnson, Bjorn"]
[Result "1/2-1/2"]
[WhiteElo "2153"]
[BlackElo "2291"]
[PlyCount "40"]

1. e4 e6 2. d4 d5 3. Nd2 Nc6 4. c3 dxe4 5. Nxe4 Qd5 6. Nd2 e5 7. Ngf3 exd4 8.
Bc4 Qh5 9. cxd4 Be6 10. Bxe6 fxe6 11. Qb3 O-O-O 12. O-O Nf6 13. Nc4 Rd5 14. Be3
g5 15. Rac1 Ng4 16. h3 Nxe3 17. Nxe3 Rd6 18. Nc4 Rd5 19. Ne3 Rd6 20. Nc4 Rd5
1/2-1/2

[Event "Elit(Limhamn-Upsala)"]
[Site "?"]
[Date "2007.10.19"]
[Round "1"]
[White "Johansson, Jan"]
[Black "Brynell, Stellan"]
[Result "1-0"]
[WhiteElo "2473"]
[BlackElo "2604"]
[PlyCount "103"]

1. d4 e6 2. c4 Nf6 3. Nf3 b6 4. Nc3 Bb7 5. Bg5 Be7 6. e3 h6 7. Bxf6 Bxf6 8. Bd3
O-O 9. O-O c5 10. Rc1 cxd4 11. exd4 Nc6 12. Be4 Na5 13. d5 Rc8 14. b3 Bxc3 15.
Rxc3 f5 16. Bb1 Bxd5 17. Ne5 d6 18. Ng6 Rf6 19. Rg3 Bb7 20. Nf4 Nc6 21. Re1 Ne5
22. Nh5 Rg6 23. f4 Rxg3 24. hxg3 Ng4 25. Rxe6 Qc7 26. Qd4 Qf7 27. Qxg7+ Qxg7
28. Nxg7 Kxg7 29. Re7+ Kf6 30. Rxb7 Re8 31. Kf1 Re3 32. Rb8 Rxg3 33. Rf8+ Kg7
34. Rd8 Rc3 35. Ke2 Re3+ 36. Kd2 Rg3 37. Rd7+ Kf6 38. Rxd6+ Ke7 39. Rg6 Rxg2+
40. Kc3 Ne3 41. Rxh6 Rf2 42. Rh3 Ng4 43. Bxf5 Nf6 44. Re3+ Kf7 45. Be6+ Kf8 46.
f5 Rxa2 47. b4 Ra3+ 48. Kd4 Ra4 49. Rg3 Rxb4 50. Ke5 Nh5 51. Rg8+ Ke7 52. Rg5
1-0

[Event "Elit(Limhamn-Upsala)"]
[Site "?"]
[Date "2007.10.19"]
[Round "1"]
[White "Hector, Jonny"]
[Black "Glimbrandt, Torbjorn"]
[Result "1-0"]
[WhiteElo "2615"]
[BlackElo "2342"]
[PlyCount "101"]

1. d4 Nf6 2. Nc3 e6 3. e4 d5 4. Bg5 dxe4 5. Nxe4 Nbd7 6. Nf3 h6 7. Bh4 Be7 8.
Nxf6+ Bxf6 9. Bxf6 Qxf6 10. Qd2 O-O 11. Qe3 b6 12. Qe4 Rb8 13. Bd3 g6 14. Qe3
Kg7 15. h4 Bb7 16. Ne5 Nxe5 17. dxe5 Qe7 18. O-O-O Rbd8 19. h5 g5 20. f4 gxf4
21. Qxf4 Qg5 22. Rh4 f5 23. Re1 Kh8 24. Re3 Qxf4 25. Rxf4 Bxg2 26. b4 Rg8 27.
b5 c5 28. bxc6 Bxc6 29. Kb2 Bd5 30. Rb4 Rc8 31. Rd4 Rg4 32. Rxd5 exd5 33. Bxf5
Rgg8 34. Bxc8 Rxc8 35. Rd3 Rc5 36. c3 Kg7 37. Rg3+ Kf7 38. Rg6 Rb5+ 39. Kc2 Ra5
40. Kd3 Rxa2 41. Rxh6 Rh2 42. Kd4 Rd2+ 43. Ke3 Rh2 44. Kf4 Rf2+ 45. Kg4 Rg2+
46. Kf3 Rc2 47. Rc6 a5 48. h6 a4 49. e6+ Kf6 50. h7 Rh2 51. e7+ 1-0

[Event "Elit(Limhamn-Upsala)"]
[Site "?"]
[Date "2007.10.19"]
[Round "1"]
[White "Andersson, Fredrik"]
[Black "Jepson, Christian"]
[Result "1/2-1/2"]
[WhiteElo "2326"]
[BlackElo "2440"]
[PlyCount "67"]

1. e4 e5 2. Nf3 Nc6 3. Bb5 Nf6 4. d3 d6 5. O-O Bd7 6. c3 g6 7. Re1 Bg7 8. Nbd2
O-O 9. Nf1 Qe8 10. Ng3 h6 11. Ba4 Kh8 12. Bc2 Ng8 13. h3 f5 14. exf5 gxf5 15.
Nh4 Qf7 16. Qh5 Nge7 17. Bxh6 Qxh5 18. Bxg7+ Kxg7 19. Nxh5+ Kh6 20. Ng3 Rg8 21.
Kh2 Rg7 22. d4 e4 23. Ne2 Nd5 24. g3 Re8 25. Ng2 Nce7 26. Nef4 c6 27. Bb3 Nf6
28. Rad1 Rh7 29. Nh4 Nc8 30. c4 Kg7 31. Bc2 Kf7 32. Bb3 Kg7 33. Bc2 Kf7 34. Bb3
1/2-1/2

[Event "Elit(Limhamn-Upsala)"]
[Site "?"]
[Date "2007.10.19"]
[Round "1"]
[White "Penalver, Osmani"]
[Black "Burwick, Malte"]
[Result "0-1"]
[WhiteElo "2264"]
[BlackElo "2278"]
[PlyCount "86"]

1. d4 g6 2. c4 Bg7 3. Nc3 d6 4. e4 e5 5. d5 f5 6. Bd3 Nf6 7. Qc2 f4 8. g3 O-O
9. Bd2 Na6 10. Nce2 Nc5 11. gxf4 exf4 12. O-O-O Ng4 13. Nh3 Nxd3+ 14. Qxd3 Ne5
15. Qb3 f3 16. Neg1 Qh4 17. Ng5 Qxf2 18. h4 Qg2 19. N1h3 Bxh3 20. Nxh3 f2 21.
Nf4 Qxe4 22. Rhf1 Rxf4 23. Bxf4 Qxf4+ 24. Kb1 b6 25. Qc2 Rf8 26. Rd2 Nxc4 27.
Rdxf2 Qd4 28. Rxf8+ Bxf8 29. Rd1 Qxh4 30. Qe2 Ne5 31. Rc1 a5 32. Rxc7 Qh1+ 33.
Rc1 Qxd5 34. Rc7 b5 35. Qe1 a4 36. a3 Qd3+ 37. Ka1 h5 38. Qh4 Qd1+ 39. Ka2 Qd5+
40. Ka1 Qe6 41. Qd8 Nc4 42. Rc8 Qf5 43. Rb8 Nd2 0-1

[Event "Elit(Limhamn-Upsala)"]
[Site "?"]
[Date "2007.10.19"]
[Round "1"]
[White "Holm, Magnus"]
[Black "Tadjerbashi, Amir"]
[Result "0-1"]
[WhiteElo "2238"]
[BlackElo "2244"]
[PlyCount "82"]

1. e4 e5 2. Nf3 Nc6 3. g3 Nf6 4. d3 d5 5. Nbd2 Bg4 6. Bg2 dxe4 7. dxe4 Nxe4 8.
Nxe4 Qxd1+ 9. Kxd1 Nd4 10. Be3 Bxf3+ 11. Bxf3 Nxf3 12. Ke2 Nd4+ 13. Bxd4 exd4
14. Kd3 O-O-O 15. Ng5 Rd7 16. Rhe1 Bd6 17. Re4 c5 18. Rae1 Kc7 19. b4 cxb4 20.
Rxd4 Rhd8 21. Kc4 h6 22. Ne4 Bf8 23. Rxd7+ Rxd7 24. Re2 Kc6 25. Nd2 b5+ 26. Kb3
Re7 27. Rxe7 Bxe7 28. c4 bxc3 29. Kxc3 a5 30. Kd3 a4 31. f4 f5 32. Nf3 Bf6 33.
h3 h5 34. Nd2 Kc5 35. Nf3 Kb4 36. Kc2 Kc4 37. h4 g6 38. Kd2 b4 39. Kc2 Kd5 40.
Kd3 b3 41. a3 Bb2 0-1

[Event "Elit(Limhamn-Upsala)"]
[Site "?"]
[Date "2007.10.19"]
[Round "1"]
[White "Nylen, Anders"]
[Black "Magnusson, Jorgen"]
[Result "1/2-1/2"]
[WhiteElo "2239"]
[BlackElo "2308"]
[PlyCount "129"]

1. d4 f5 2. e4 fxe4 3. Nc3 Nf6 4. f3 d5 5. fxe4 dxe4 6. Bc4 Nc6 7. Nge2 Na5 8.
Bb3 Nxb3 9. axb3 g6 10. Bg5 Bg7 11. Bxf6 exf6 12. Nxe4 f5 13. Nf2 O-O 14. O-O
c5 15. dxc5 Bxb2 16. Ra2 Bg7 17. Nd3 Qe7 18. Kh1 Bd7 19. Nef4 Bc6 20. Qe1 Qxe1
21. Rxe1 Bc3 22. Re6 Rfe8 23. Rd6 Kf7 24. Kg1 a6 25. Nd5 Bd4+ 26. Kf1 Rad8 27.
Rxd8 Rxd8 28. N5b4 Be4 29. c6 bxc6 30. Rxa6 Rd6 31. g3 Ke7 32. Ra4 Bf3 33. Ne1
Be4 34. Ned3 Kd7 35. Ke2 Kc7 36. Nf4 Kb7 37. Nbd3 Kb6 38. Ra8 g5 39. Nh3 Rh6
40. Nxg5 Rxh2+ 41. Kd1 Bg2 42. Rb8+ Ka6 43. Nf4 h6 44. Nxg2 hxg5 45. Ne1 Be5
46. Ra8+ Kb6 47. Nf3 Rh1+ 48. Ke2 Bf6 49. Rb8+ Kc5 50. Rf8 Rh6 51. Nxg5 Kd4 52.
Nf3+ Kc3 53. Rc8 Be7 54. Rc7 Re6+ 55. Kf2 Bc5+ 56. Kf1 Kxc2 57. b4 Be3 58. Rf7
Kb3 59. Rxf5 Kxb4 60. Re5 Rxe5 61. Nxe5 c5 62. Ke2 Bh6 63. Kd3 Bg7 64. Nc4 Bf6
65. g4 1/2-1/2

[Event "Elit(Limhamn-Upsala)"]
[Site "?"]
[Date "2007.10.19"]
[Round "1"]
[White "Svensson, Mans"]
[Black "Holst, Conny"]
[Result "1/2-1/2"]
[WhiteElo "2231"]
[BlackElo "2233"]
[PlyCount "175"]

1. d4 Nf6 2. Bg5 g6 3. Bxf6 exf6 4. e3 Bg7 5. g3 O-O 6. Bg2 d6 7. Ne2 c6 8. c4
Re8 9. O-O f5 10. Nbc3 Nd7 11. b4 Nf6 12. Qd3 h5 13. a4 h4 14. b5 hxg3 15. hxg3
Bd7 16. a5 a6 17. bxc6 bxc6 18. Rfb1 Ng4 19. Rb7 Bh6 20. Nf4 Rb8 21. Rab1 Rxb7
22. Rxb7 Bc8 23. Rb1 Bd7 24. c5 Qxa5 25. cxd6 Qa3 26. Qc4 Qxd6 27. Rb7 Bxf4 28.
gxf4 a5 29. Na4 g5 30. Nb6 Rd8 31. Nxd7 Rxd7 32. Rxd7 Qxd7 33. fxg5 Qd6 34. g6
Qxg6 35. Qxc6 Qxc6 36. Bxc6 Kg7 37. Kf1 Kf6 38. Ke2 Ke6 39. f3 Nf6 40. Ba4 Ke7
41. Bb3 Ne8 42. Kd3 Nd6 43. Kc3 f6 44. Bd5 a4 45. f4 Nc8 46. Kb4 Kd6 47. Ba2
Nb6 48. Kb5 Kc7 49. Kc5 Nd7+ 50. Kb5 Nb6 51. Bg8 Kb7 52. Be6 Kc7 53. Kc5 a3 54.
Kb4 Kd6 55. Ba2 Nc8 56. Kxa3 Ne7 57. Kb2 Ng6 58. Kc3 Ne7 59. Kd3 Nc6 60. Ke2
Ne7 61. Kf3 Nc6 62. Kg3 Nb4 63. Bb3 Ke7 64. Kh4 Nc6 65. Kh5 Na5 66. Ba2 Nb7 67.
Kg6 Nd6 68. Bd5 Nb5 69. Kxf5 Nc3 70. Bb3 Nb5 71. Ke4 Nd6+ 72. Kd3 Nf5 73. e4
Nh4 74. f5 Nf3 75. Ke3 Ng5 76. Kf4 Nh3+ 77. Ke3 Ng5 78. Bd1 Nf7 79. Kf4 Nd6 80.
e5 Nb5 81. Ke3 Nc3 82. Bb3 Nb5 83. Kd3 Na7 84. Ba4 Nc8 85. Bb5 Nb6 86. Ke4 Nc8
87. Kd5 Nb6+ 88. Kc6 1/2-1/2

[Event "Elit(Limhamn-Upsala)"]
[Site "?"]
[Date "2007.10.19"]
[Round "1"]
[White "Mansson, Lars"]
[Black "Lindberg, Henrik"]
[Result "1/2-1/2"]
[WhiteElo "2209"]
[BlackElo "2255"]
[PlyCount "48"]

1. e4 c5 2. Nf3 e6 3. d4 cxd4 4. Nxd4 Nf6 5. Nc3 d6 6. g3 Be7 7. Bg2 O-O 8. O-O
a6 9. h3 Qc7 10. f4 Nc6 11. Kh2 Rb8 12. Nde2 b5 13. a3 a5 14. a4 bxa4 15. Rxa4
Rb4 16. b3 Rd8 17. Bb2 Bb7 18. Qa1 Rxa4 19. Qxa4 Nb4 20. Nd4 Qb6 21. Rd1 g6 22.
Rd2 e5 23. Qb5 Qc7 24. Nde2 Bc6 1/2-1/2

[Event "Elit(Vasteras-Skara)"]
[Site "?"]
[Date "2007.10.20"]
[Round "2"]
[White "Eklund, Lars-Goran"]
[Black "Norberg, Johan"]
[Result "1-0"]
[WhiteElo "2358"]
[BlackElo "2392"]
[PlyCount "63"]
[SourceDate "2007.11.02"]

1. Nf3 g6 2. c4 Bg7 3. d4 Nf6 4. Nc3 d6 5. e4 O-O 6. Be2 e5 7. dxe5 dxe5 8.
Qxd8 Rxd8 9. Bg5 c6 10. Nxe5 Re8 11. O-O-O Nxe4 12. Nxe4 Bxe5 13. Nd6 Bxd6 14.
Rxd6 Be6 15. Be3 Nd7 16. h3 Nf6 17. Bf3 Red8 18. Rhd1 Rxd6 19. Rxd6 Ne8 20. Rd4
Rc8 21. b3 a5 22. Kb2 b5 23. cxb5 cxb5 24. Bd5 Nc7 25. Bf3 b4 26. Bg5 Nb5 27.
Rd8+ Kg7 28. Rxc8 Bxc8 29. Bd8 Nd4 30. Be4 f5 31. Bd5 Be6 32. Bb7 1-0

[Event "Elit(Vasteras-Skara)"]
[Site "?"]
[Date "2007.10.20"]
[Round "2"]
[White "Akesson, Ralf"]
[Black "Gausel, Einar"]
[Result "1-0"]
[WhiteElo "2530"]
[BlackElo "2582"]
[PlyCount "83"]

1. d4 Nf6 2. c4 c5 3. d5 e5 4. Nc3 d6 5. e4 Be7 6. Bd3 Nbd7 7. Nf3 a6 8. h3 h5
9. Be3 h4 10. a3 Nf8 11. b4 b6 12. Qd2 Ng6 13. Rb1 Nh5 14. Ne2 Bd7 15. Rb3 O-O
16. g4 hxg3 17. fxg3 f5 18. exf5 Bxf5 19. Qc2 Bxd3 20. Qxd3 Nh8 21. O-O Qd7 22.
g4 Nf6 23. Ng5 e4 24. Nxe4 Nxg4 25. hxg4 Qxg4+ 26. N4g3 Rxf1+ 27. Kxf1 Rf8+ 28.
Bf2 Bh4 29. bxc5 bxc5 30. Ke1 Bxg3 31. Nxg3 Ng6 32. Qe2 Qg5 33. Rf3 Nf4 34. Qe4
Qg4 35. Kf1 Rf7 36. Qe8+ Rf8 37. Qe4 Rf7 38. Ke1 g5 39. Kd2 Qd7 40. Re3 Qg4 41.
Ne2 Kf8 42. Bg3 1-0

[Event "Elit(Vasteras-Skara)"]
[Site "?"]
[Date "2007.10.20"]
[Round "2"]
[White "Cicak, Slavko"]
[Black "Norberg, Erik"]
[Result "1-0"]
[WhiteElo "2583"]
[BlackElo "2259"]
[PlyCount "57"]

1. e4 g6 2. d4 Bg7 3. Nc3 c6 4. h3 d5 5. Nf3 dxe4 6. Nxe4 Nd7 7. Bd3 Ngf6 8. c3
Nxe4 9. Bxe4 O-O 10. Bg5 Nf6 11. Bc2 b6 12. O-O Bb7 13. Re1 Qc7 14. Qe2 e6 15.
Rad1 c5 16. Qe5 Qxe5 17. Nxe5 Nd5 18. Nd7 Rfc8 19. dxc5 bxc5 20. Bh4 Rc7 21.
Ba4 Nb6 22. Nxb6 axb6 23. Rd8+ Bf8 24. b3 Kg7 25. c4 Be7 26. Bxe7 Rxe7 27. Rd6
b5 28. cxb5 Bd5 29. Rxd5 1-0

[Event "Elit(Vasteras-Skara)"]
[Site "?"]
[Date "2007.10.20"]
[Round "2"]
[White "Eriksson, Anders"]
[Black "Svensson, Sven"]
[Result "1/2-1/2"]
[WhiteElo "2360"]
[BlackElo "2273"]
[PlyCount "51"]

1. Nf3 Nf6 2. g3 d5 3. Bg2 c6 4. O-O Bg4 5. d3 Nbd7 6. Nbd2 e5 7. e4 dxe4 8.
dxe4 Bc5 9. h3 Bh5 10. c3 a5 11. Qc2 O-O 12. Nh4 b5 13. Ndf3 Qc7 14. Bg5 h6 15.
Bd2 Bxf3 16. Bxf3 Rfd8 17. Nf5 Bf8 18. Rad1 Nc5 19. Be3 Rxd1 20. Rxd1 Rd8 21.
Rxd8 Qxd8 22. b3 Qd7 23. g4 Ne6 24. Qd2 Qxd2 25. Bxd2 Ng5 26. Bxg5 1/2-1/2

[Event "Elit(Vasteras-Skara)"]
[Site "?"]
[Date "2007.10.20"]
[Round "2"]
[White "Andersson, Goran"]
[Black "Nilsson, Andre"]
[Result "0-1"]
[WhiteElo "2216"]
[BlackElo "2324"]
[PlyCount "80"]

1. e4 g6 2. d4 d6 3. Nc3 Bg7 4. f4 Nc6 5. d5 Nd4 6. Be3 c5 7. Qd2 Qa5 8. Bxd4
cxd4 9. Nb5 Qb6 10. a4 Nf6 11. a5 Qd8 12. Qxd4 O-O 13. Nf3 Nh5 14. e5 a6 15.
Nc3 Bg4 16. Nd2 Qc7 17. Nc4 Bd7 18. Qb6 Rac8 19. Qxc7 Rxc7 20. exd6 exd6 21.
O-O-O Nxf4 22. g3 Nh3 23. Ne4 Bg4 24. Bxh3 Bxd1 25. Rxd1 Rxc4 26. Nxd6 Ra4 27.
Rd3 Rxa5 28. c4 Ra1+ 29. Kc2 Rh1 30. Rd2 Be5 31. Nxb7 Rb8 32. Nc5 Rxb2+ 33. Kd3
Rxd2+ 34. Kxd2 Rxh2+ 35. Kd3 Rxh3 36. Nxa6 Rxg3+ 37. Ke4 Bd6 38. c5 Ra3 39.
cxd6 Rxa6 40. d7 Rd6 0-1

[Event "Elit(Vasteras-Skara)"]
[Site "?"]
[Date "2007.10.20"]
[Round "2"]
[White "Janse, Rasmus"]
[Black "Mohammadi, Amir"]
[Result "1-0"]
[WhiteElo "2204"]
[BlackElo "2303"]
[PlyCount "65"]

1. d4 f5 2. g3 Nf6 3. Bg2 e6 4. c4 d5 5. Nh3 c6 6. O-O Bd6 7. Bf4 O-O 8. Nd2 b6
9. Qc2 Bb7 10. Rfd1 Na6 11. a3 Rc8 12. b4 h6 13. Bxd6 Qxd6 14. Nf4 g5 15. Ng6
Rf7 16. Ne5 Rfc7 17. c5 Qe7 18. Qa4 Nb8 19. Qxa7 Ba6 20. Qxb6 Rb7 21. Qa5 Bb5
22. a4 Bxe2 23. b5 cxb5 24. Re1 Bc4 25. Ndxc4 bxc4 26. Nxc4 Ra7 27. Qb6 Ra6 28.
Nd6 Rxb6 29. Nxc8 Qb7 30. Nxb6 Kf7 31. Nc4 Ne8 32. Ne5+ Kf6 33. Reb1 1-0

[Event "Elit(Vasteras-Skara)"]
[Site "?"]
[Date "2007.10.20"]
[Round "2"]
[White "Friberg, Hans"]
[Black "Kimari, Patrick"]
[Result "1-0"]
[WhiteElo "2271"]
[BlackElo "2163"]
[PlyCount "141"]

1. Nf3 Nf6 2. c4 g6 3. Nc3 Bg7 4. e4 d6 5. d4 O-O 6. Be2 Nbd7 7. O-O c6 8. e5
Ne8 9. Bf4 dxe5 10. dxe5 Nc7 11. Re1 Ne6 12. Bg3 Bh6 13. Qc2 a5 14. Rad1 Qc7
15. Qe4 Ndc5 16. Qh4 Kg7 17. Ne4 Nxe4 18. Qxe4 Qb6 19. Qc2 Nf4 20. Bxf4 Bxf4
21. c5 Qc7 22. Qc3 Be6 23. Bc4 Qc8 24. g3 Bh6 25. Nd4 Bxc4 26. Qxc4 e6 27. Nf3
Rd8 28. Rd6 Kg8 29. Red1 Rxd6 30. cxd6 Qd7 31. Qh4 Bf8 32. Ng5 h6 33. Ne4 Qd8
34. Nf6+ Kg7 35. g4 Ra6 36. g5 h5 37. Qd4 Rb6 38. a3 Rb5 39. h4 Rb6 40. Rd3 Rb5
41. b3 Kh8 42. f4 Bg7 43. Ne4 Rd5 44. Qe3 Bf8 45. Kg2 Kg7 46. Nc3 Rxd3 47. Qxd3
Qb6 48. Ne4 c5 49. Kf3 a4 50. bxa4 c4 51. Qxc4 Qg1 52. Nf2 Qe1 53. Qc8 b6 54.
d7 Bc5 55. Qxc5 bxc5 56. d8=Q c4 57. Qd1 Qc3+ 58. Ke2 Qxa3 59. Qc2 Qb4 60. Ne4
c3 61. Ke3 Kh7 62. Nxc3 Qc5+ 63. Kd3 Qg1 64. Ne4 Kg7 65. Qd2 Qb6 66. a5 Qb3+
67. Nc3 Qb7 68. Kc2 Qc6 69. Qd6 Qg2+ 70. Kb3 Qb7+ 71. Qb6 1-0